Madonna - To Have and Not To Hold - Lyrics - Statistics

General Stats
  • This quiz has been taken 5 times
  • The average score is 158 of 195
Answer Stats
Answer % Correct
a
100%
and
100%
And
100%
be
100%
can
100%
have
100%
heart
100%
hold
100%
I
100%
My
100%
my
100%
no
100%
not
100%
see
100%
To
100%
to
100%
you
100%
your
100%
Your
100%
You're
100%
am
75%
been
75%
blame
75%
but
75%
close
75%
cold
75%
desire
75%
do
75%
do?
75%
flame
75%
go
75%
hand
75%
hot
75%
in
75%
is
75%
Like
75%
me
75%
never
75%
on
75%
Only
75%
So
75%
so
75%
stand
75%
told
75%
way
75%
What
75%
yet
75%
break
50%
enough
50%
eyes
50%
for
50%
I'm
50%
I've
50%
keep
50%
look
50%
moth
50%
stay
50%
straight
50%
want
50%
all
25%
anything
25%
at
25%
fall
25%
kiss
25%
love
25%
make
25%
of
25%
one
25%
right
25%
The
25%
there's
25%
they
25%
through
25%
walking
25%
weep
25%
wire
25%
laugh
0%
object
0%
No matching quizzes found
Score Distribution
Percent of People with Each Score
Percentile by Number Answered
Your Score History
You have not taken this quiz